000 00477nas a22001577a 4500
005 20251108173344.0
008 250721s9999 xx qr 000 0 ara d
082 1 4 _aم/306.05 /ثقا
245 1 0 _aثقافات : مجلة ثقافية فصلية /
264 1 _aالبحرين :
_bكلية الاداب-جامعه البحرين،
310 _aQuarterly
650 1 7 _aالثقافه
650 1 7 _aالدوريات العربية
942 _2ddc
_cPER
999 _c101980
_d101980